| 000 | 00678nam a22002177a 4500 | ||
|---|---|---|---|
| 005 | 20250311085052.0 | ||
| 008 | 240212b mv |||||||| |||| 00| 0 spa d | ||
| 020 | _a9786205270608 | ||
| 050 | 0 | 4 |
_aRK523 _bR37 2022 |
| 100 | 1 | _aRashid, Raisa. | |
| 245 | 1 | 0 |
_aOclusión en la prótesis parcial fija _b _c / Raisa Rashid, Randhir Singh. |
| 250 | _a1a ed. | ||
| 260 |
_aChisinau, Moldova : _bDodo Books Indian Ocean, _c2022. |
||
| 300 |
_a66 p. ; _c22 cm. |
||
| 490 | 0 | _aEdiciones nuestro conocimiento | |
| 504 | _aIncluye bibliografía | ||
| 650 | 7 |
_2lemb _aOclusión (odontología) |
|
| 650 | 7 |
_2lemb _aMaloclusión |
|
| 700 | 1 |
_aSingh, Randhir, _eautor |
|
| 942 |
_2lcc _cLIB |
||
| 999 |
_c145590 _d145588 |
||